The Physics of electronic and atomic collisions (Record no. 4732)

MARC details
000 -LEADER
fixed length control field 00608nam a2200205Ia 4500
003 - CONTROL NUMBER IDENTIFIER
control field IN-BaIIA
008 - FIXED-LENGTH DATA ELEMENTS--GENERAL INFORMATION
fixed length control field 211028s9999 xx 000 0 eng d
020 ## - INTERNATIONAL STANDARD BOOK NUMBER
International Standard Book Number 0-7204-02441
040 ## - CATALOGING SOURCE
Transcribing agency IIA Library
080 ## - UNIVERSAL DECIMAL CLASSIFICATION NUMBER
Universal Decimal Classification number 539.1
Item number THE
245 #4 - TITLE STATEMENT
Title The Physics of electronic and atomic collisions
Statement of responsibility, etc. edited by T. R. Govers and F. J. De Heer
260 ## - PUBLICATION, DISTRIBUTION, ETC.
Place of publication, distribution, etc. Amsterdam
Name of publisher, distributor, etc. North-Holland
Date of publication, distribution, etc. 1972
300 ## - PHYSICAL DESCRIPTION
Extent xi, 496p.
650 ## - SUBJECT ADDED ENTRY--TOPICAL TERM
Topical term or geographic name entry element  Atomic collisions 
9 (RLIN) 8404
650 ## - SUBJECT ADDED ENTRY--TOPICAL TERM
Topical term or geographic name entry element  Atomic physics
9 (RLIN) 8405
650 ## - SUBJECT ADDED ENTRY--TOPICAL TERM
Topical term or geographic name entry element NASA Thesaurus 
700 ## - ADDED ENTRY--PERSONAL NAME
Personal name De Heer, F. J., ed.
9 (RLIN) 8406
700 ## - ADDED ENTRY--PERSONAL NAME
Personal name Govers, T. R., ed.
9 (RLIN) 8407
942 ## - ADDED ENTRY ELEMENTS (KOHA)
Koha item type Books
Holdings
Withdrawn status Lost status Damaged status Not for loan Home library Current library Shelving location Date acquired Total Checkouts Full call number Barcode Date last seen Price effective from Koha item type Purchase Price
        IIA Library-Bangalore IIA Library-Bangalore General Stacks 23/05/1975   539.1/ THE 5288 05/11/2021 23/05/1975 Books DFL 120.00

Powered by Koha